000 00583nam a2200181Ia 4500
003 IN-BaIIA
008 211028s9999 xx 000 0 eng d
020 _a81-86830-42-1
040 _cIIA Library
080 _a031:5(091)
_bENC-1
245 0 _aEncyclopaedia of the history of science
_ba reader's guide;vol. 1 A-M
_cedited by A. Hessenbruch
260 _aNew Delhi
_bPenatgon Press
_c2002
300 _axxix, 497p.
650 _aEncyclopedia
_91112
650 _aScience history
_92970
700 _aHessenbruch, A .,ed.
_927706
942 _cBK
999 _c15143
_d15143